বিষয়বস্তু এড়িয়ে যান

Обществознание Учебник

Учебник разработан на основе рекомендованной Федеральным институтом развития образования (ФИРО) примерной программы общеобразовательной дисциплины «Обществознание» для реализации основной профессиональной образовательной программы СПО на базе основного общего образования с получением среднего общего...

সম্পূর্ণ বিবরণ

সংরক্ষণ করুন:
গ্রন্থ-পঞ্জীর বিবরন
প্রধান লেখক: Ковригин В. В.
বিন্যাস: Учебник
সংস্করন:1
মালা:Среднее профессиональное образование
অনলাইন ব্যবহার করুন:https://znanium.com/catalog/document?id=431664
https://znanium.com/cover/2083/2083158.jpg
ট্যাগগুলো: ট্যাগ যুক্ত করুন
কোনো ট্যাগ নেই, প্রথমজন হিসাবে ট্যাগ করুন!
LEADER 03251nam0a2200313 i 4500
001 RU\infra-m\znanium\bibl\2083158
003 https://znanium.com/catalog/document?id=431664
005 20250523000000.0
010 |a 978-5-16-012362-2 
010 |a 978-5-16-102349-5  |b электр. издание 
100 |a 20250523d2023 m y0rusy0150 ca 
101 0 |a rus 
102 |a RU 
200 1 |a Обществознание  |e Учебник  |f Липецкий государственный педагогический университет им. П.П. Семенова-Тян-Шанского 
205 |a 1 
210 1 |a Москва  |c ООО "Научно-издательский центр ИНФРА-М"  |d 2024 
215 |a 303 с. 
225 1 |a Среднее профессиональное образование 
330 |a Учебник разработан на основе рекомендованной Федеральным институтом развития образования (ФИРО) примерной программы общеобразовательной дисциплины «Обществознание» для реализации основной профессиональной образовательной программы СПО на базе основного общего образования с получением среднего общего образования. Книга включает теоретический материал по всем разделам курса вопросы для повторения творческие задания перечень тем рефератов. Достоинство издания — множество примеров иллюстрирующих теоретический материал что облегчает его понимание и усвоение. Содержание учебника полностью соответствует Федеральному государственному образовательному стандарту среднего профессионального образования последнего поколения. Для студентов образовательных организаций среднего профессионального образования. 
333 |a Среднее профессиональное образование 
606 |a Политика. Социология  |x Обществознание  |2 local 
608 |a Учебник  |2 local 
675 |a 377.031(075.32)  |z rus 
686 |a 60я723  |2 rubbk 
686 |a 00.02.21  |2 okso 
700 1 |a Ковригин  |b В. В.  |g Вадим Валерьевич  |p Липецкий государственный педагогический университет им. П.П. Семенова-Тян-Шанского 
801 0 |a RU  |b Общество с ограниченной ответственностью «ЗНАНИУМ»  |c 20230626  |2 rusmarc 
856 4 |a znanium.com  |m ebs_support@infra-m.ru  |n НИЦ ИНФРА-М  |u https://znanium.com/catalog/document?id=431664 
856 4 1 |a znanium.com  |d /cover/2083  |f 2083158.jpg  |q image/jpeg  |u https://znanium.com/cover/2083/2083158.jpg